| 000 | 01611nam0a2200409 4500 | ||
|---|---|---|---|
| 001 | RU\NLR\bibl\1399943 | ||
| 005 | 20250615203824.0 | ||
| 010 |
_a978-5-88242-611-7 _9500 |
||
| 021 |
_aRU _b2009-44770 _92717 |
||
| 035 | _a(nilc)RSL-KNO-004338810 | ||
| 035 | _a(NLR Aleph) 001391952 | ||
| 090 |
_a1167851 _c1167851 |
||
| 100 | _a20090529d2008 |||y0rusy50 ca | ||
| 101 | 0 | _arus | |
| 102 | _aRU | ||
| 105 | _ay zzzz||||| | ||
| 200 | 1 |
_aИсторики СССР-России о советско-германских отношениях в 1917-1941 гг. _fМилованов С. В. |
|
| 210 |
_aВоронеж _cИстоки _d2008 _eВоронеж _gТип. Истоки |
||
| 215 |
_a247 с. _d20 |
||
| 320 | _aБиблиогр.: с. 200-245 | ||
| 607 |
_aСССР _xВзаимоотношения _xИсториография русская _yГермания _z1917 - 1941 _92564979 _3RU\NLR\auth\661517071 |
||
| 607 |
_aГермания _xВзаимоотношения _xИсториография русская _yСССР _z1917 - 1941 _92564981 _3RU\NLR\auth\661517072 |
||
| 686 |
_aТ3(2)71-64(4Г)г,02 _2rubbk |
||
| 686 |
_aТ3(4Г)6-64(2)г,02 _2rubbk |
||
| 686 |
_aТ1(2)7-1(2)7,0 _2rubbk |
||
| 686 |
_aТ1(2Р)64-1(2)7,0 _2rubbk |
||
| 686 | _aТ3(2)71-64(4Г)г | ||
| 686 | _aТ3(4Г)6-64(2)г | ||
| 700 | 1 |
_aМилованов _bС. В. _gСергей Васильевич _4070 |
|
| 801 | 0 |
_aRU _bРКП _c20090529 _grcr |
|
| 801 | 1 |
_aRU _bРГБ _c20090529 |
|
| 801 | 2 |
_aRU _bNLR _c20090811 _grcr |
|
| 830 | _aАвт. по ЭК | ||
| 942 | _cBOOK | ||
| 980 | _aNB | ||
| 980 | _aNBR | ||